Problemas en las zonas fronterizas
Salvato in:
| Natura: | testo |
|---|---|
| Soggetti: | |
| Tags: |
Aggiungi Tag
Nessun Tag, puoi essere il primo ad aggiungerne!!
|
MARC
| LEADER | 00000 a a2200000 04500 | ||
|---|---|---|---|
| 001 | 5963 | ||
| 003 | |||
| 040 | |||
| 245 | |a Problemas en las zonas fronterizas | ||
| 650 | |a FRONTERAS | ||
| 650 | |a PROBLEMAS SOCIALES | ||
| 650 | |a LIBERALIZACION DEL INTERCAMBIO | ||
| 650 | |a LIBRE COMERCIO | ||
| 650 | |a ACUERDOS INTERNACIONALES | ||
| 650 | |a INTEGRACION REGIONAL | ||
| 773 | |g volumen 15, número 662; páginas 12-13 | ||
| 999 | |c 39926 |d 39926 | ||
